00341nam a22001457a 4500003000400000008004100004020001900045082001500064100001800079245002500097250001200122260003200134300000800166650002100174OSt230510b |||||||| |||| 00| 0 eng d a97881830771000 a428.81 LEW aLEWIS, Norman aWord Power Made Easy aReprint aN. Delhi bGoyal pubc 2010 a686 aDecentralization